| 000 | 00657cam a22001577a 4500 | ||
|---|---|---|---|
| 008 | 180718b1967 xxu||||| |||| 00| 0 eng d | ||
| 082 | _aI5135x54 AR/PPC/ST | ||
| 100 | _aIndia. Study Team on Promotion Policies, Conduct Rules, Discipline and Morale | ||
| 245 |
_aReport of the Study Team on Promotion Policies, Conduct Rules, Discipline and Morale _cby Administrative Reforms Commission |
||
| 260 |
_aDelhi _bManager of Publications _c1967 |
||
| 300 | _a2v. | ||
| 500 | _aContents: v.1. 338p.;v.2. p.339-528 | ||
| 650 | _aAdministrative reorganisation - India | ||
| 700 | _aNagarkatti, K.N. (Chairman) | ||
| 700 | _aIndia. Administrative Reforms Commission | ||
| 999 |
_c482471 _d482471 |
||